| 000 -ლიდერი |
| ფიქსირებული სიგრძის საკონტროლო ველი |
00967nam a22001937a 4500 |
| 003 - საკონტროლო ნომრის იდენტიფიკატორი |
| საკონტროლო ველი |
Ge_BSU |
| 005 - ბოლო ოპერაციის თარიღი და დრო |
| საკონტროლო ველი |
20230710114301.0 |
| 008 - ფიქსირებული სიგრძის მონაცემთა ელემენტები - ზოგადი ინფორმაცია |
| ფიქსირებული სიგრძის საკონტროლო ველი |
230710s1978ge xxu||||| |||| 00| 0 geo d |
| 041 ## - ენის კოდი |
| Language code of text/sound track or separate title |
geo |
| 080 ## - უნივერსალური ათობითი კლასიფიკაციის ინდექსი |
| Universal Decimal Classification number |
821.14'01-13 ჰ-78 |
| 100 ## - მთავარი ჩანაწერი - პიროვნების სახელი |
| Personal name |
ჰომეროსი, ავტ. |
| 9 (RLIN) |
15985 |
| 245 ## - ცნობა სათაურის შესახებ |
| Title |
გვიამბობს მოხუცი ჰომეროსი / |
| Statement of responsibility, etc |
ჰომეროსი, თარგმნა რ. მიმინოშვილმა ; წინასიტყვ. ავტ. ვ. ასათიანი |
| 264 ## - წარმოების, გამოცემის, დისტრიბუციის და სხვა ცნობები |
| გამოცემის, წარმოების, დისტრიბუციის... ადგილი |
თბილისი : |
| გამოცემის, წარმოების, დისტრიბუციის... სახელწოდება |
ნაკადული, |
| გამოცემის, წარმოების, დისტრიბუციის... თარიღი |
1978. |
| 300 ## - ფიზიკური აღწერა |
| Extent |
223 გვ. ; |
| Dimensions |
20 სმ. |
| 653 ## - INDEX TERM--UNCONTROLLED |
| Uncontrolled term |
გვიამბობს მოხუცი ჰომეროსი |
| 700 ## - ADDED ENTRY--PERSONAL NAME |
| Personal name |
მიმინოშვილი, რ |
| Relator term |
მთარგმნელი |
| 9 (RLIN) |
19216 |
| 700 ## - ADDED ENTRY--PERSONAL NAME |
| Personal name |
ასათიანი, ვ |
| Relator term |
წინასიტყვაობის ავტორი |
| 9 (RLIN) |
19217 |
| 942 ## - ADDED ENTRY ELEMENTS (KOHA) |
| Source of classification or shelving scheme |
|
| Koha item type |
წიგნი |